[Event "Titled Tue 15th Apr Early"]
[Site "chess.com INT"]
[Date "2025.04.15"]
[Round "10"]
[White "Xiao,Tong(QD)"]
[Black "Nakamura,Hi"]
[Result "1/2-1/2"]
[WhiteElo "2496"]
[BlackElo "2804"]

1.e4 e5 2.Nf3 Nc6 3.Bb5 Nge7 4.Nc3 Ng6 5.h4 Nd4 6.Bc4 c6 7.h5 Nf4 8.Nxd4 exd4
9.Qf3 Qf6 10.Ne2 Nxe2 11.Qxf6 gxf6 12.Kxe2 d6 13.d3 Rg8 14.Rh2 f5 15.f3 Be6
16.Bxe6 fxe6 17.exf5 exf5 18.Bf4 Kd7 19.Kf2 Re8 20.Rhh1 Bg7 21.Rae1 Be5 22.g3 c5
23.Rhg1 b5 24.Bd2 a6 25.f4 Bf6 26.Rxe8 Kxe8 27.Kf3 Kf7 28.g4 fxg4+ 29.Rxg4 Rc8
30.Rg2 Ke6 31.Ke4 d5+ 32.Kf3 Kf5 33.h6 Re8 34.Rh2 Kg6 35.Kg4 c4 36.f5+ Kf7
37.Kf3 c3 38.bxc3 dxc3 39.Bf4 Re1 40.Re2 Ra1 41.Re6 Rxa2 42.Rc6 Rxc2 43.Rc7+ Ke8
44.Rc8+ Kd7 45.Rc7+ Ke8 46.Rc8+ Ke7 47.Rc7+ Kd8 48.Rxh7 Ke8 49.Rc7 Rb2 50.Rc8+ Kd7
51.Rc7+ Kd8 52.h7 Rb1 53.Rf7 Bd4 54.f6 Rh1 55.Rf8+ Kd7 56.h8=Q Rxh8 57.Rxh8 Bxf6
58.Ra8 b4 59.Ke2 b3 60.Kd1 Bd4 61.Rxa6 Bc5 62.Ra5 Kc6 63.Kc1 Kb6 64.Ra8 Kb5
65.Rb8+ Ka4 66.Ra8+ Kb4 67.Kb1 Kb5 68.Rb8+ Ka4 69.Ra8+ Kb5 70.Bc1 Bd4 71.Rb8+ Ka4
72.Ra8+ Kb5 73.Bf4 Bc5  1/2-1/2

[Event "Titled Tue 15th Apr Early"]
[Site "chess.com INT"]
[Date "2025.04.15"]
[Round "11"]
[White "Nakamura,Hi"]
[Black "Gadzhiev,Ruslan"]
[Result "1-0"]
[WhiteElo "2804"]
[BlackElo "2168"]

1.b3 d5 2.Bb2 Nf6 3.Nf3 e6 4.g3 Be7 5.Bg2 O-O 6.O-O c5 7.e3 b6 8.c4 Bb7 9.Qe2 Nbd7
10.Rd1 Rc8 11.Nc3 Qc7 12.Ne1 dxc4 13.bxc4 Bxg2 14.Nxg2 Nb8 15.g4 Nc6 16.f4 Rfd8
17.g5 Ne8 18.d3 Rd7 19.Ne1 Qb7 20.Nf3 Rcd8 21.Rd2 Nd6 22.Rad1 Nf5 23.Ne4 b5
24.cxb5 Qxb5 25.Nf6+ gxf6 26.gxf6 Bd6 27.Ng5 h6 28.Qh5 Bxf4 29.exf4 Qa4 30.Rg2 Kh8
31.Rf1 Rf8 32.Ne4 Rdd8 33.Ng3 Ncd4 34.Kh1 Nxg3+ 35.hxg3 Kh7 36.g4 Rd5 37.g5 Nf5
38.g6+ fxg6 39.Qxg6+ Kh8 40.f7+  1-0

[Event "Titled Tue 15th Apr Late"]
[Site "chess.com INT"]
[Date "2025.04.15"]
[Round "11"]
[White "Duda,J"]
[Black "Nakamura,Hi"]
[Result "1-0"]
[WhiteElo "2739"]
[BlackElo "2804"]

1.e4 e5 2.Nf3 Nc6 3.Bb5 Nge7 4.d4 exd4 5.Nxd4 Nxd4 6.Qxd4 c6 7.Be2 Qb6 8.Be3 Qxd4
9.Bxd4 Ng6 10.Nd2 Nf4 11.Bf3 Ne6 12.Be3 Bc5 13.Nc4 Bxe3 14.Nxe3 g6 15.O-O-O f6
16.Rhe1 Ke7 17.Bg4 Nd8 18.Nc4 Nf7 19.f4 d6 20.Bxc8 Raxc8 21.a4 b6 22.b3 Rhe8
23.Kb2 Rcd8 24.b4 Kf8 25.Kb3 Re6 26.Re3 d5 27.exd5 cxd5 28.Rxd5 Rxd5 29.Rxe6 f5
30.a5 b5 31.Na3 Rd6 32.Rxd6 Nxd6 33.c4 bxc4+ 34.Nxc4 Nb5 35.Ne5 Ke7 36.Kc4 a6
37.Kc5 Nc3 38.Nc6+ Ke6 39.Nb8 Nd5 40.Nxa6 Nxf4 41.b5 Kd7 42.b6 Ne6+ 43.Kd5 Nf4+
44.Kc5 Ne6+ 45.Kb5 Kc8 46.Nc5 Nd4+ 47.Kc4 Nc6 48.a6 f4 49.a7 Nb4 50.Kxb4  1-0

[Event "Titled Tue 29th Apr Early"]
[Site "chess.com INT"]
[Date "2025.04.29"]
[Round "1"]
[White "Kalyani Sirin"]
[Black "Nakamura,Hi"]
[Result "0-1"]
[WhiteElo "2243"]
[BlackElo "2804"]

1.e4 g6 2.d4 c6 3.Nf3 d5 4.e5 Bg4 5.Be2 Bxf3 6.Bxf3 e6 7.Nd2 Ne7 8.Nb3 Nd7
9.O-O Qb6 10.Re1 h6 11.h4 h5 12.Bg5 Nf5 13.Qd2 a5 14.a4 Bb4 15.c3 Be7 16.Bxe7 Kxe7
17.Nc1 c5 18.Ne2 Kf8 19.g3 Rc8 20.Kg2 Kg7 21.Red1 cxd4 22.cxd4 Nb8 23.Qg5 Qd8
24.Qf4 Rc2 25.Rd2 Rc4 26.b3 Rb4 27.Rd3 Nc6 28.Qd2 Qb6 29.Rd1 Rxb3 30.Qg5 Rxd3
31.Qf6+ Kg8 32.Rxd3 Qd8 33.Qxd8+ Nxd8 34.Rb3 Nc6 35.Rxb7 Nfxd4 36.Nxd4 Nxd4
37.Ra7 Nc6 38.Ra6 Nxe5 39.Rxa5 Kg7 40.Be2 Rc8 41.f4 Rc2 42.Kf2 Nc6 43.Ra8 Nd4
44.Ke3 Nxe2 45.Kd3 Ra2  0-1

[Event "Titled Tue 29th Apr Early"]
[Site "chess.com INT"]
[Date "2025.04.29"]
[Round "2"]
[White "Nakamura,Hi"]
[Black "Valle Luis,Leo"]
[Result "1-0"]
[WhiteElo "2804"]
[BlackElo "2287"]

1.b3 d5 2.Bb2 Bf5 3.d3 c6 4.Nd2 Nf6 5.g3 h6 6.Bg2 e6 7.e4 Bg6 8.Nh3 Be7 9.Nf4 Bh7
10.Qe2 Nbd7 11.O-O O-O 12.Rfd1 a5 13.a3 Qc7 14.exd5 cxd5 15.c4 dxc4 16.Nxc4 Rad8
17.Rac1 Nc5 18.Be5 Qd7 19.Nxa5 Qb5 20.b4 Nxd3 21.Nxd3 Bxd3 22.Qe1 Nd5 23.Nxb7 Ra8
24.Nc5 Rxa3 25.Bxd5 exd5 26.Bb2 Ra2 27.Nxd3 Bxb4 28.Qxb4 Qxb4 29.Nxb4 Rxb2
30.Nxd5 Re2 31.Kf1 Re6 32.Nf4 Rf6 33.h4 g6 34.Rd7 h5 35.Rcc7 Kg7 36.Nh3 Kg8
37.Ng5 Kg7 38.Kg2 Kg8 39.Re7 Rf5 40.f3 Rf6 41.Kf2 Rf5 42.Ke3 Rf6 43.f4 Rf5
44.Kf3 Rf6 45.Red7 Kg7 46.g4 hxg4+ 47.Kxg4 Kg8 48.Rb7 Rf5 49.Re7 Rf6 50.Nf3 Kg7
51.Ne5 Rf5 52.h5 Rf6 53.hxg6  1-0

[Event "Titled Tue 29th Apr Early"]
[Site "chess.com INT"]
[Date "2025.04.29"]
[Round "3"]
[White "Weetik,V"]
[Black "Nakamura,Hi"]
[Result "0-1"]
[WhiteElo "2423"]
[BlackElo "2804"]

1.d4 g6 2.e4 c6 3.Nc3 d5 4.Nf3 Bg4 5.h3 Bxf3 6.Qxf3 e6 7.Be3 a6 8.Bd3 Nf6
9.O-O Nbd7 10.e5 Ng8 11.Ne2 c5 12.c3 Ne7 13.Nf4 Nc6 14.Rfe1 cxd4 15.cxd4 Bg7
16.Rad1 Rc8 17.a3 O-O 18.Qg3 Nb6 19.Nh5 Nd7 20.Nxg7 Kxg7 21.Re2 Ne7 22.Bg5 h6
23.Bf6+ Kh7 24.Qh4 Nxf6 25.exf6 Ng8 26.Bxg6+ fxg6 27.Rxe6 Rxf6 28.Re5 Qd7
29.Rde1 Rcf8 30.Qg3 Rxf2 31.Re6 R2f6  0-1

[Event "Titled Tue 29th Apr Early"]
[Site "chess.com INT"]
[Date "2025.04.29"]
[Round "4"]
[White "Nakamura,Hi"]
[Black "Shankland,S"]
[Result "1-0"]
[WhiteElo "2804"]
[BlackElo "2670"]

1.b3 e5 2.Bb2 Nc6 3.c4 Nf6 4.e3 g6 5.Nf3 e4 6.Ng5 Bg7 7.Nxe4 O-O 8.Nxf6+ Bxf6
9.Bxf6 Qxf6 10.Nc3 b6 11.Be2 Bb7 12.O-O Ne7 13.Bf3 Bxf3 14.Qxf3 Qxf3 15.gxf3 Rfd8
16.d4 c6 17.Rfc1 f5 18.b4 Kf7 19.a4 Rab8 20.b5 Rbc8 21.a5 bxa5 22.Rxa5 cxb5
23.Nxb5 Nc6 24.Ra6 Rb8 25.f4 Ke7 26.Nxa7 Nxa7 27.Rxa7 Rb2 28.c5 Kf6 29.c6  1-0

[Event "Titled Tue 29th Apr Early"]
[Site "chess.com INT"]
[Date "2025.04.29"]
[Round "5"]
[White "Le Tuan Minh"]
[Black "Nakamura,Hi"]
[Result "1/2-1/2"]
[WhiteElo "2598"]
[BlackElo "2804"]

1.d4 d6 2.Nf3 Nf6 3.Nc3 Bf5 4.Nh4 Bg4 5.h3 Bd7 6.e4 c5 7.dxc5 Qa5 8.Bd3 Qxc5
9.a3 g6 10.Be3 Qc8 11.Qd2 Bg7 12.Bh6 Bxh6 13.Qxh6 Qc5 14.Nf3 Nc6 15.O-O Qh5
16.Qe3 Rc8 17.Rad1 Qc5 18.Qh6 Qh5 19.Qe3 Qc5 20.Qh6 Qh5 21.Qe3  1/2-1/2

[Event "Titled Tue 29th Apr Early"]
[Site "chess.com INT"]
[Date "2025.04.29"]
[Round "6"]
[White "Nakamura,Hi"]
[Black "Bluebaum,M"]
[Result "1-0"]
[WhiteElo "2804"]
[BlackElo "2662"]

1.Nf3 d5 2.g3 e6 3.b3 Nf6 4.Bb2 Bd6 5.Bg2 O-O 6.c4 Nc6 7.O-O d4 8.a3 a5 9.Qc2 e5
10.Ng5 h6 11.Ne4 Bf5 12.Nxf6+ Qxf6 13.d3 Bg4 14.Nd2 Qe7 15.Ne4 f5 16.Nxd6 cxd6
17.e3 f4 18.exf4 exf4 19.Rae1 Qf6 20.Bd5+ Kh8 21.Re4 Bf5 22.Rxf4 g5 23.Rxf5 Qxf5
24.Be4 Qh3 25.f3 Rae8 26.b4 axb4 27.axb4 Kg8 28.b5 Rxe4 29.dxe4 Ne5 30.Qg2 Qxg2+
31.Kxg2 g4 32.fxg4 Rc8 33.Bxd4 Rxc4 34.Bxe5 dxe5 35.Rf6 Kg7 36.Rb6 Rxe4 37.Rxb7+ Kg6
38.Kf3 Rb4 39.h4 Rb3+ 40.Ke4 Rxg3 41.h5+ Kf6 42.Rb6+ Kg7 43.Rg6+ Kh7 44.b6 Rb3
45.Kxe5 Rb5+ 46.Kd4 Rb1 47.Kc5 Rd1 48.b7 Rc1+ 49.Kb6 Rb1+ 50.Kc7 Rc1+ 51.Rc6 Rd1
52.Rxh6+  1-0

[Event "Titled Tue 29th Apr Early"]
[Site "chess.com INT"]
[Date "2025.04.29"]
[Round "7"]
[White "Nakamura,Hi"]
[Black "Svane,Frederik"]
[Result "1-0"]
[WhiteElo "2804"]
[BlackElo "2668"]

1.b3 d5 2.Bb2 Nf6 3.Nf3 Bg4 4.c4 e6 5.h3 Bxf3 6.gxf3 c6 7.e3 Nbd7 8.Nc3 g6
9.Qc2 Bg7 10.O-O-O a5 11.Kb1 O-O 12.h4 h5 13.d4 Qe7 14.Rc1 Rfd8 15.cxd5 exd5
16.Bd3 Nf8 17.Rhg1 b5 18.a3 Ne6 19.Ne2 b4 20.a4 Rac8 21.f4 Ng4 22.f5 gxf5
23.Ng3 c5 24.Bxf5 Rc7 25.Nxh5 cxd4 26.Qe2 Rxc1+ 27.Bxc1 Nh6 28.Bxe6 Qxe6
29.Nxg7 Qe4+ 30.Ka1 d3 31.Qh5 Kh7 32.f3 Qe7 33.Qxh6+ Kxh6 34.Nf5+  1-0

[Event "Titled Tue 29th Apr Early"]
[Site "chess.com INT"]
[Date "2025.04.29"]
[Round "8"]
[White "Sarana,A"]
[Black "Nakamura,Hi"]
[Result "0-1"]
[WhiteElo "2672"]
[BlackElo "2804"]

1.d4 Nf6 2.c4 c6 3.Nc3 d5 4.Nf3 dxc4 5.a4 Bf5 6.Ne5 Nbd7 7.Nxc4 Qc7 8.g3 e5
9.dxe5 Nxe5 10.Bf4 Nfd7 11.Bg2 g5 12.Ne3 gxf4 13.Nxf5 O-O-O 14.Qc2 Kb8 15.Rd1 Ng6
16.O-O fxg3 17.hxg3 h5 18.a5 h4 19.g4 h3 20.Bf3 Qxa5 21.Ne4 Nge5 22.Kh1 Bb4
23.Ned6 Qc7 24.Qe4 a5 25.Rd4 Nxf3 26.exf3 Nc5 27.Qe5 Rhe8 28.Qg3 Rf8 29.Rfd1 Ne6
30.R4d3 Rd7 31.Ne4 Rxd3 32.Rxd3 Nf4 33.Rd1 Nd5 34.Kh2 Rh8 35.Rd4 b6 36.Nfd6 f6
37.Nf5 Kb7 38.Nfd6+ Kb8 39.Rd1 Rd8 40.Nf5 Qxg3+ 41.fxg3 Rh8 42.f4 Re8 43.Rd4 Kc7
44.Kxh3 a4 45.g5 fxg5 46.fxg5 Rf8 47.Ng7 Rg8 48.Ne6+ Kb7 49.Nf4 Ne3 50.Rxb4 Rh8+
51.Nh5 Rxh5+  0-1

[Event "Titled Tue 29th Apr Early"]
[Site "chess.com INT"]
[Date "2025.04.29"]
[Round "9"]
[White "Nakamura,Hi"]
[Black "Caruana,F"]
[Result "1-0"]
[WhiteElo "2804"]
[BlackElo "2776"]

1.b3 d5 2.Bb2 Bg4 3.Nf3 Nd7 4.d4 e6 5.Nbd2 Ngf6 6.e3 Be7 7.Bd3 O-O 8.h3 Bh5
9.g4 Bg6 10.Bxg6 hxg6 11.g5 Nh5 12.Rg1 c5 13.Qe2 cxd4 14.Bxd4 Rc8 15.c4 Qa5
16.Kf1 Rfe8 17.a3 dxc4 18.Nxc4 Qf5 19.Rg4 Qb5 20.Rb1 Bf8 21.a4 Qa6 22.Nce5 Qxe2+
23.Kxe2 Nc5 24.Bxc5 Rxc5 25.Rc4 Rxc4 26.bxc4 b6 27.Rd1 f6 28.Nxg6 Rc8 29.Rd7 e5
30.gxf6 gxf6 31.Nd2 a5 32.Kd3 Bb4 33.e4 Ng7 34.Nb3 Ne6 35.h4 Nf8 36.Nxf8 Rxf8
37.Nc1 f5 38.Ne2 fxe4+ 39.Kxe4 Rxf2 40.Ng3 Rf4+ 41.Kxe5 Rxh4 42.Rc7 Bd2 43.Kf6 Rh6+
44.Kf5 Rh4 45.Ne4 Bb4 46.Nf6+ Kh8 47.Kg6 Bf8 48.Rc8 Rh6+ 49.Kf7  1-0

[Event "Titled Tue 29th Apr Early"]
[Site "chess.com INT"]
[Date "2025.04.29"]
[Round "10"]
[White "Movahed,Sina"]
[Black "Nakamura,Hi"]
[Result "0-1"]
[WhiteElo "2518"]
[BlackElo "2804"]

1.e4 e5 2.Nf3 Nc6 3.Bb5 Nf6 4.O-O Nxe4 5.Re1 Nd6 6.Nxe5 Nxe5 7.Rxe5+ Be7
8.Bf1 O-O 9.d4 Ne8 10.Bd3 Bf6 11.Nc3 d6 12.Re1 c6 13.Bf4 d5 14.Be5 Bxe5 15.Rxe5 g6
16.Qd2 Ng7 17.Rae1 Re8 18.Ne2 Rxe5 19.dxe5 Qe7 20.Ng3 Bd7 21.c4 Be6 22.b3 Rd8
23.Qf4 Qb4 24.Rd1 dxc4 25.Ne4 Nh5 26.Qh4 Rd7 27.Nd6 Qc5 28.Bf1 Qxe5 29.Nxc4 Qf6
30.Qxf6 Nxf6 31.Rxd7 Nxd7 32.Nd6 b6 33.f4 Nc5  0-1

[Event "Titled Tue 29th Apr Early"]
[Site "chess.com INT"]
[Date "2025.04.29"]
[Round "11"]
[White "Nakamura,Hi"]
[Black "Le,Quang Liem"]
[Result "1/2-1/2"]
[WhiteElo "2804"]
[BlackElo "2729"]

1.e4 e5 2.Nf3 Nc6 3.Bb5 a6 4.Ba4 Nge7 5.c3 Ng6 6.O-O d5 7.d3 Be7 8.Nbd2 O-O
9.Re1 Kh8 10.Nf1 f5 11.exd5 Qxd5 12.Ne3 Qd7 13.Bxc6 Qxc6 14.Nc4 e4 15.Nd4 Qd5
16.Ne3 Qf7 17.Qb3 exd3 18.Rd1 c5 19.Qxf7 Rxf7 20.Nf3 f4 21.Nc4 Be6 22.Nce5 Nxe5
23.Nxe5 Rf5 24.Re1 Rd8 25.Nf3 Rd6 26.Bd2 Bf6 27.Re4 g5 28.c4 g4 29.Ne1 Bf7
30.Rb1 b5 31.b3 Kg7 32.Rc1 bxc4 33.bxc4 Bg6 34.f3 gxf3 35.Nxf3 Bd4+ 36.Nxd4 Rxd4
37.Bc3 Kh6 38.Bxd4 cxd4 39.Rxd4 Ra5 40.Rxf4 Rxa2 41.Rd4 Kg5 42.Rd1 Rc2 43.h4+ Kf6
44.Re1 a5 45.Rd6+ Kg7 46.Ra1 Rxc4 47.Rxa5 Rxh4 48.Rad5 Rg4 49.Kf2 Rf4+ 50.Ke3 Rf6
51.Rd7+ Rf7 52.R7d6 Re7+ 53.Kf4 Rf7+ 54.Kg5 Re7 55.Rd7 Kf7 56.Kf4 Ke6 57.R5d6+ Kf7
58.Rd4 Rxd7 59.Rxd7+ Ke6 60.Rd4 Kf6 61.Rd6+ Ke7 62.Ke5 Kf7 63.Rd7+ Ke8 64.Kd6 Bf5
65.Re7+ Kf8 66.Re5 Bg4 67.Rd5 Be2 68.Ke6 Kg7 69.Kf5 Kf7 70.Rd7+ Ke8 71.Rd4 Ke7
72.g4 Kf7 73.g5 Ke7 74.Ke5 Kf7 75.Rd6 Ke7 76.Rd4 Kf7 77.Rd6 Ke7 78.g6 hxg6
79.Rxg6 d2 80.Rd6 d1=Q 81.Rxd1 Bxd1  1/2-1/2

[Event "Titled Tue 6th May Early"]
[Site "chess.com INT"]
[Date "2025.05.06"]
[Round "1"]
[White "Nakamura,Hi"]
[Black "Makaraci,Tunahan"]
[Result "1-0"]
[WhiteElo "2804"]
[BlackElo "2233"]

1.b3 Nf6 2.Bb2 d5 3.Nf3 e6 4.g3 Be7 5.Bg2 O-O 6.O-O Ne4 7.d3 Bf6 8.c3 Nd6
9.Qc2 c5 10.e4 Nc6 11.Re1 dxe4 12.dxe4 Ne5 13.Nxe5 Bxe5 14.f4 Bf6 15.e5 Be7
16.exd6 Bxd6 17.c4 b5 18.Bxa8  1-0

[Event "Titled Tue 6th May Late"]
[Site "chess.com INT"]
[Date "2025.05.06"]
[Round "1"]
[White "Nakamura,Hi"]
[Black "Suvorov,Alexander"]
[Result "1-0"]
[WhiteElo "2804"]
[BlackElo "2408"]

1.b3 d5 2.Bb2 Nf6 3.d3 e6 4.Nd2 Be7 5.g3 O-O 6.Bg2 b6 7.e4 Bb7 8.e5 Nfd7
9.h4 c5 10.h5 h6 11.Ngf3 Nc6 12.O-O Qc7 13.Qe2 a5 14.c4 Nb4 15.a3 Na6 16.Rfe1 Rfd8
17.Nh2 Nf8 18.Ng4 a4 19.bxa4 Kh8 20.f4 dxc4 21.Bxb7 Qxb7 22.Nxc4 Nc7 23.Nd6 Rxd6
24.exd6 Bxd6 25.Nxh6 Nd5 26.Ng4 Kh7 27.h6 g6 28.Qe4 Nd7 29.Ne3 Qc6 30.f5 gxf5
31.Nxf5 exf5 32.Qxf5+ Kxh6 33.Qh3+ Kg5 34.Qh4+ Kg6 35.Qg4+ Kh6 36.Qg7+ Kh5
37.Qxf7+  1-0

[Event "Titled Tue 6th May Late"]
[Site "chess.com INT"]
[Date "2025.05.06"]
[Round "2"]
[White "Amangeldy,Ernur"]
[Black "Nakamura,Hi"]
[Result "1/2-1/2"]
[WhiteElo "2231"]
[BlackElo "2804"]

1.d4 g6 2.Nc3 a6 3.e4 b5 4.Nf3 Bb7 5.Bd3 Bg7 6.Be3 d6 7.h4 h6 8.e5 dxe5 9.dxe5 e6
10.a4 b4 11.Ne4 Nd7 12.Qe2 Ne7 13.O-O-O Nd5 14.Nc5 Bc6 15.Bc4 Nxe3 16.Qxe3 Qe7
17.Nxd7 Bxd7 18.Bb3 Bc6 19.Nd4 Bb7 20.f4 h5 21.Rhe1 Rc8 22.Bc4 O-O 23.Rg1 c5
24.Nb3 Qxh4 25.g3 Qe7 26.Rd6 Qc7 27.Rgd1 Rfd8 28.Rxd8+ Rxd8 29.Qxc5 Rxd1+
30.Kxd1 Bf3+ 31.Kc1 Qb7 32.Qd4 Bg4 33.Kb1 Bf5 34.Bd3 Bg4 35.Be4 Qc8 36.Qc5 Qd7
37.Qd6 Qxa4 38.Qd8+ Kh7 39.Qe7 Kg8 40.Qd8+ Kh7 41.Qe7 Kg8 42.Qd8+  1/2-1/2

[Event "Titled Tue 6th May Early"]
[Site "chess.com INT"]
[Date "2025.05.06"]
[Round "2"]
[White "Tretiakov,A"]
[Black "Nakamura,Hi"]
[Result "0-1"]
[WhiteElo "2023"]
[BlackElo "2804"]

1.d4 Nf6 2.c4 g6 3.f3 c5 4.d5 d6 5.Nc3 Bg7 6.e4 O-O 7.Be3 e6 8.Qd2 exd5 9.cxd5 Re8
10.O-O-O a6 11.a4 b5 12.axb5 axb5 13.Bxb5 Bd7 14.Bxd7 Nfxd7 15.f4 Na6 16.Nge2 Nb4
17.b3 Rxe4 18.Ng3 Bxc3 19.Qxc3 Na2+  0-1

[Event "Titled Tue 6th May Early"]
[Site "chess.com INT"]
[Date "2025.05.06"]
[Round "3"]
[White "Nakamura,Hi"]
[Black "Papasimakopoulos,Alexandros"]
[Result "1-0"]
[WhiteElo "2804"]
[BlackElo "2366"]

1.b3 d5 2.Bb2 Bg4 3.h3 Bh5 4.Nf3 Bxf3 5.exf3 e6 6.g3 Nf6 7.Bg2 g6 8.O-O Bg7
9.f4 O-O 10.Nc3 a5 11.a3 c6 12.Rb1 Nbd7 13.Ne2 b5 14.d3 b4 15.a4 Ne8 16.Bc1 Nd6
17.g4 c5 18.Be3 Rc8 19.Kh1 Qb6 20.Ng1 Nb8 21.Nf3 Nc6 22.Rg1 Nd4 23.Ne5 Rfd8
24.h4 Nc6 25.Nf3 Nd4 26.h5 Nxf3 27.Qxf3 Rd7 28.Bh3 Qd8 29.f5 g5 30.Rbe1 h6
31.Qg2 Qf6 32.f4 gxf4 33.Bxf4 exf5 34.g5 hxg5 35.Bxg5 Qc3 36.h6 f6 37.Bf4 Ne4  1-0

[Event "Titled Tue 6th May Late"]
[Site "chess.com INT"]
[Date "2025.05.06"]
[Round "3"]
[White "Nakamura,Hi"]
[Black "Chen,Ryo"]
[Result "1-0"]
[WhiteElo "2804"]
[BlackElo "2395"]

1.b3 e5 2.Bb2 Nc6 3.c4 Nf6 4.e3 d5 5.cxd5 Nxd5 6.a3 Bd6 7.Nf3 O-O 8.Qc2 Bg4
9.Bd3 Nf6 10.h3 Bh5 11.Ng5 Bg6 12.Bxg6 hxg6 13.Nc3 Qe7 14.h4 Nd4 15.exd4 exd4+
16.Ne2 c5 17.Kf1 Rfe8 18.d3 Nd5 19.Rh3 Qd7 20.Rf3 f6 21.Ne4 b6 22.Nxd6 Qxd6
23.b4 Qh2 24.Rh3 Qe5 25.bxc5 bxc5 26.Re1 Rab8 27.Bc1 Nc3 28.Bf4 Qxe2+  1-0

[Event "Titled Tue 6th May Early"]
[Site "chess.com INT"]
[Date "2025.05.06"]
[Round "4"]
[White "Ter Sahakyan,S"]
[Black "Nakamura,Hi"]
[Result "0-1"]
[WhiteElo "2611"]
[BlackElo "2804"]

1.d4 d5 2.c4 e6 3.Nf3 Nf6 4.Nc3 c5 5.cxd5 exd5 6.Bg5 Be6 7.g3 Nc6 8.Bg2 h6
9.Bxf6 Qxf6 10.O-O O-O-O 11.Rc1 c4 12.Qa4 Kb8 13.b3 Nxd4 14.Nxd4 Qxd4 15.Rfd1 Qc5
16.bxc4 Qb4 17.cxd5 Qxa4 18.Nxa4 Bg4 19.Rc2 Bd6 20.h3 Bc8 21.Nc5 Rhe8 22.e4 f5
23.exf5 Bxf5 24.Rcc1 Re2 25.Ne6 Bxe6 26.dxe6 Rxe6 27.Rb1 b6 28.Rb2 Rf8 29.Rc2 Ref6
30.f4 g5 31.fxg5 hxg5 32.Rd5 Bxg3 33.Rxg5 Bf2+ 34.Kh2 R6f7 35.Re2 Bc5 36.Rd5 Kc7
37.h4 Rf4 38.h5 Rg8 39.Kh3 Ra4 40.Be4 Ra3+ 41.Rd3 Ra4 42.Rf3 Rg5 43.Bg6 Rg1
44.Rg3 Rh1+ 45.Kg2 Rah4 46.Kf3 Rf1+ 47.Kg2 Rhh1 48.Rg4 Bd6 49.Rc4+ Kd7 50.Rd4 Kc7
51.Rc4+ Bc5 52.Rxc5+ bxc5 53.Re7+ Kd6 54.Rxa7 c4 55.Ra4 Rfg1+ 56.Kf2 Rg4
57.Kf3 Rgh4  0-1

[Event "Titled Tue 6th May Late"]
[Site "chess.com INT"]
[Date "2025.05.06"]
[Round "4"]
[White "Seemann,Jakub"]
[Black "Nakamura,Hi"]
[Result "0-1"]
[WhiteElo "2453"]
[BlackElo "2804"]

1.d4 g6 2.c4 Bg7 3.Nf3 d6 4.g3 Bd7 5.Bg2 Qc8 6.h4 Bg4 7.Nc3 h6 8.Be3 c6 9.Qd2 Nf6
10.Bf4 Nbd7 11.e4 Qc7 12.e5 Nh5 13.Nh2 dxe5 14.dxe5 Nxf4 15.gxf4 Be6 16.b3 Nxe5
17.O-O-O Nd7 18.h5 Qa5 19.Ne4 Qa3+ 20.Kb1 Bf5 21.hxg6 fxg6 22.Rhe1 O-O-O
23.Qc2 Nc5 24.Nf1 Rxd1+ 25.Rxd1 Nxe4  0-1

[Event "Titled Tue 6th May Early"]
[Site "chess.com INT"]
[Date "2025.05.06"]
[Round "5"]
[White "Nakamura,Hi"]
[Black "Shimanov,A"]
[Result "1-0"]
[WhiteElo "2804"]
[BlackElo "2578"]

1.Nf3 d5 2.e3 Nf6 3.c4 c6 4.Qc2 g6 5.d4 Bg7 6.Bd3 O-O 7.O-O Bg4 8.Nbd2 Nbd7
9.h3 Bxf3 10.Nxf3 e6 11.b3 a6 12.Bb2 Re8 13.Rac1 Qe7 14.Rfe1 Rac8 15.a3 Qd8
16.b4 b5 17.c5 Qc7 18.a4 Ra8 19.Ra1 Reb8 20.Ra3 Qc8 21.Rea1 Ne8 22.Nd2 Nc7
23.Nb3 e5 24.e4 exd4 25.Nxd4 Ne5 26.Bf1 Ne6 27.exd5 Nxd4 28.Bxd4 cxd5 29.Qc3 f6
30.axb5 axb5 31.Rxa8 Rxa8 32.Rxa8  1-0

[Event "Titled Tue 6th May Late"]
[Site "chess.com INT"]
[Date "2025.05.06"]
[Round "5"]
[White "Galchenko,Matvey"]
[Black "Nakamura,Hi"]
[Result "0-1"]
[WhiteElo "2442"]
[BlackElo "2804"]

1.e4 g6 2.d4 c6 3.Nf3 d5 4.exd5 cxd5 5.h3 Nc6 6.c3 Bg7 7.Bd3 Bf5 8.Be2 h5
9.O-O e6 10.Re1 Nf6 11.Bf4 Ne4 12.Nbd2 Bf6 13.Nxe4 dxe4 14.Ne5 Bxe5 15.dxe5 Qe7
16.Qc1 Qc7 17.Bb5 O-O-O 18.Qe3 a6 19.Bxc6 Qxc6 20.Qa7 Kc7 21.Be3 Rd3 22.Bc5 g5
23.Rad1 g4 24.Bd6+ Kd7 25.h4 g3 26.Rxd3 gxf2+ 27.Qxf2 exd3 28.Qe3 Rg8 29.g3 Rg4
30.Rd1 Qa4 31.Rd2 Qe4 32.Qxe4 Bxe4 33.Kf2 f5 34.Bc5 f4 35.gxf4 Rxf4+ 36.Ke3 Rxh4
37.Rf2 Bf5 38.Bd4 Rg4 39.Rh2 h4 40.Kf3 h3 41.Be3 Rg8 42.Bf4 Kc6 43.Ke3 b5
44.b3 Kd5 45.Rh1 Rg2 46.Rc1 Re2+ 47.Kf3 h2 48.c4+ bxc4 49.bxc4+ Kd4 50.c5 Be4+
51.Kg3 h1=Q 52.Rxh1 Bxh1 53.c6 Bxc6  0-1

[Event "Titled Tue 6th May Late"]
[Site "chess.com INT"]
[Date "2025.05.06"]
[Round "6"]
[White "Nakamura,Hi"]
[Black "Naroditsky,D"]
[Result "0-1"]
[WhiteElo "2804"]
[BlackElo "2619"]

1.d4 Nf6 2.Bg5 e6 3.e4 h6 4.Bxf6 Qxf6 5.Nc3 Bb4 6.Qd2 d6 7.a3 Ba5 8.f4 e5
9.b4 Bb6 10.Nd5 Qd8 11.c3 O-O 12.Nf3 exd4 13.cxd4 Re8 14.Bd3 Bf5 15.O-O Bxe4
16.Bxe4 Rxe4 17.Rae1 Rxe1 18.Rxe1 Nd7 19.g4 Nf6 20.Ne7+ Kh8 21.g5 Ng8 22.Nf5 Qd7
23.Qd3 Re8 24.Rxe8 Qxe8 25.gxh6 g6 26.Ne3 Nxh6 27.f5 g5 28.h3 f6 29.Kg2 c6
30.Nh2 d5 31.Nhg4 Nxg4 32.hxg4 Bc7 33.Nc2 Kg7 34.Kf1 a5 35.Kf2 Qh8 36.Qe2 Qh2+
37.Ke3 Qg3+ 38.Kd2 Bf4+ 39.Kd1 Qg1+ 40.Ne1 Qxd4+ 41.Kc2 Qe4+ 42.Qxe4 dxe4
43.bxa5 Bc7 44.a6 bxa6 45.Kb3 Kf7 46.Kc4 Bb6 47.Nc2 a5 48.a4 Ke7 49.Kc3 Kd6
50.Na3 Kd5 51.Nc4 Bd4+ 52.Kb3 e3  0-1

[Event "Titled Tue 6th May Early"]
[Site "chess.com INT"]
[Date "2025.05.06"]
[Round "6"]
[White "Keymer,Vincent"]
[Black "Nakamura,Hi"]
[Result "0-1"]
[WhiteElo "2720"]
[BlackElo "2804"]

1.c4 e5 2.g3 Nf6 3.Bg2 c6 4.d4 exd4 5.Qxd4 d5 6.Nf3 Be6 7.cxd5 cxd5 8.O-O Nc6
9.Qa4 Bc5 10.Nc3 O-O 11.Qb5 Qe7 12.Bg5 a6 13.Bxf6 gxf6 14.Qa4 d4 15.Ne4 Bb6
16.Ned2 Rad8 17.Rfe1 Qb4 18.Qc2 Rfe8 19.a3 Qb5 20.Qd3 Bf5 21.Qxb5 axb5 22.Rac1 d3
23.e3 Be6 24.Red1 Na5 25.Ne4 Kg7 26.Nfd2 Bg4 27.Re1 f5 28.Nc3 Nc4 29.Nxc4 bxc4
30.Rf1 Ba5 31.h3 Be2 32.Nd1 b5 33.a4 d2 34.Rc2 Bd3 35.Rc3 Bxc3  0-1

[Event "Titled Tue 6th May Late"]
[Site "chess.com INT"]
[Date "2025.05.06"]
[Round "7"]
[White "Baskakov,Egor"]
[Black "Nakamura,Hi"]
[Result "0-1"]
[WhiteElo "2215"]
[BlackElo "2804"]

1.e4 c6 2.g3 d5 3.Bg2 dxe4 4.Nc3 h5 5.h3 f5 6.d3 exd3 7.Nf3 g6 8.cxd3 Bg7
9.d4 Bf6 10.h4 Nh6 11.O-O Nf7 12.Re1 O-O 13.Qb3 Qb6 14.Qc2 Na6 15.a3 Qd8
16.Bg5 Nc7 17.Rad1 Bxg5 18.hxg5 e6 19.Qd2 Nd5 20.Nxd5 cxd5 21.Rc1 Bd7 22.Qf4 Rc8
23.Rxc8 Qxc8 24.Rc1 Bc6 25.b4 Qb8 26.Qe3 Bd7 27.Bf1 Rc8 28.Re1 Qc7 29.Bd3 Qc3
30.Rd1 Qxa3 31.Ne5 Nxe5 32.Qxe5 Rc1 33.Rf1 Rxf1+ 34.Bxf1 Qxb4 35.Qf6 Be8
36.Qxe6+ Bf7 37.Qe5 a5 38.Bg2 Qb5 39.Qb8+ Kg7 40.Qe5+ Kg8 41.Qb8+ Qe8 42.Qxb7 Qd8
43.f4 a4 44.Qa7 Qe8 45.Kf2 Qb5 46.Bf3 Qb2+ 47.Be2 a3 48.Qa8+ Kg7 49.Ke3 a2
50.Qd8 Qc3+ 51.Bd3 a1=Q 52.Qf6+ Kg8 53.Qd8+ Kh7  0-1

[Event "Titled Tue 6th May Early"]
[Site "chess.com INT"]
[Date "2025.05.06"]
[Round "7"]
[White "Nakamura,Hi"]
[Black "Nepomniachtchi,I"]
[Result "1-0"]
[WhiteElo "2804"]
[BlackElo "2757"]

1.b3 e5 2.Bb2 Nc6 3.c4 Nf6 4.e3 d5 5.cxd5 Nxd5 6.a3 Bd6 7.Qc2 O-O 8.Nf3 h6
9.Bd3 Be6 10.Nc3 Qe7 11.Bh7+ Kh8 12.Be4 Nxc3 13.Qxc3 a5 14.O-O Ra6 15.Bd3 Rb6
16.Bc4 f5 17.d3 Bxc4 18.bxc4 e4 19.Ne1 a4 20.d4 Rb3 21.Qc1 Qf7 22.d5 Ne5
23.c5 Nf3+ 24.Nxf3 exf3 25.cxd6 Qg6 26.g3 cxd6 27.Bd4 Re8 28.Rb1 Re4 29.Rxb3 axb3
30.Qc7 Qg4 31.Kh1 Kh7 32.Qxb7 f4 33.Qxb3 Qh3 34.Rg1 fxg3 35.Rxg3 Qf1+ 36.Rg1  1-0

[Event "Titled Tue 6th May Early"]
[Site "chess.com INT"]
[Date "2025.05.06"]
[Round "8"]
[White "Svane,Frederik"]
[Black "Nakamura,Hi"]
[Result "0-1"]
[WhiteElo "2671"]
[BlackElo "2804"]

1.e4 c5 2.Nf3 d6 3.d4 cxd4 4.Nxd4 Nf6 5.Nc3 g6 6.Be3 a6 7.f3 Bg7 8.Qd2 h5
9.O-O-O Nbd7 10.Kb1 b5 11.a3 Bb7 12.Be2 Rc8 13.Rhe1 Qc7 14.h3 h4 15.Bg5 Nb6
16.Bf1 Nfd7 17.Nd5 Bxd5 18.exd5 Nxd5 19.Bxb5 O-O 20.Bxa6 Rb8 21.Nb5 Nc3+
22.Qxc3 Bxc3 23.Nxc7 Rxb2+ 24.Kc1 Ra2  0-1

[Event "Titled Tue 6th May Late"]
[Site "chess.com INT"]
[Date "2025.05.06"]
[Round "8"]
[White "Ilinca,Felix-Antonio"]
[Black "Nakamura,Hi"]
[Result "0-1"]
[WhiteElo "2420"]
[BlackElo "2804"]

1.d4 g6 2.Nc3 a6 3.e4 d6 4.Be3 Bg7 5.h4 h5 6.Qd2 b5 7.O-O-O Nf6 8.f3 Nbd7
9.Nh3 Nb6 10.Ng5 e6 11.Bd3 Qe7 12.Kb1 Bb7 13.Qf2 Nfd7 14.f4 Nf6 15.Rhe1 b4
16.Ne2 Ng4 17.Qg1 d5 18.Bc1 O-O-O 19.e5 a5 20.g3 Kb8 21.b3 Rc8 22.Bb2 Bf8
23.Nc1 Nd7 24.Bf1 c5 25.dxc5 Nxc5 26.Nd3 Qc7 27.Rd2 Ne4 28.Nxe4 dxe4 29.Nc1 Bc5
30.Bd4 Bxd4 31.Qxd4 Rhd8  0-1